<?xml version="1.0" encoding="UTF-8"?>
<record
    xmlns:xsi="http://www.w3.org/2001/XMLSchema-instance"
    xsi:schemaLocation="http://www.loc.gov/MARC21/slim http://www.loc.gov/standards/marcxml/schema/MARC21slim.xsd"
    xmlns="http://www.loc.gov/MARC21/slim">

  <leader>02247cam a2200181 i 4500</leader>
  <datafield tag="020" ind1=" " ind2=" ">
    <subfield code="a">9780199747467 (hardback : alk. paper)</subfield>
  </datafield>
  <datafield tag="020" ind1=" " ind2=" ">
    <subfield code="a">0199747466 (hardback : alk. paper)</subfield>
  </datafield>
  <datafield tag="040" ind1=" " ind2=" ">
    <subfield code="c">DLC</subfield>
  </datafield>
  <datafield tag="082" ind1="0" ind2="0">
    <subfield code="a">200 NAT 2001 C161 Or.</subfield>
    <subfield code="a">B</subfield>
  </datafield>
  <datafield tag="100" ind1="1" ind2=" ">
    <subfield code="a">Peters, F. E.</subfield>
  </datafield>
  <datafield tag="100" ind1="1" ind2=" ">
    <subfield code="a">Peters, F. E.</subfield>
  </datafield>
  <datafield tag="245" ind1="1" ind2="0">
    <subfield code="a">Jesus and Muhammad :</subfield>
    <subfield code="b">parallel tracks, parallel lives /</subfield>
  </datafield>
  <datafield tag="300" ind1=" " ind2=" ">
    <subfield code="a">xxiii, 214 pages ;</subfield>
    <subfield code="c">25 cm</subfield>
  </datafield>
  <datafield tag="520" ind1="1" ind2=" ">
    <subfield code="a">"Jesus and Muhammad are two of the best known and revered figures in history, each with a billion or more global followers. Now, in this intriguing volume, F.E. Peters offers a clear and compelling analysis of the parallel lives of Jesus and Muhammad, the first such in-depth comparison in print." "Like a detective, Peters compiles "dossiers of what we do and do not know about the lives and portraits of these towering figures, drawing on the views of modern historians and the evidence of the Gospels and the Quran. With erudition and wit, the author nimbly leads the reader through drama and dogma to reveal surprising similarities between the two leaders and their messages Each had a public career as a semi-sucessful preacher Both encountered opposition that threatened their lives and those of their followers. Each left a body of teaching purported to be their very words, with an urgent imperative that all must become believers in the face of the approaching apacalypse. Both are symbols of hope on the one hand and of God's terrible judgment on the other. They are bringers of peace--and the sword. There is, however a fundamental difference. Muslims tevere Muhammad ibn Abdullah of Mecca as a mortal prophet. Although known as a prophet in his day, the Galilean Jew Jesus was and is believed by his followers to have been the promised Messiah, indeed the son of God The Quran records revelations received by Muhammad as the messenger of God, whereas the revelations of the Gospels focus on Jesus and the events of his life and death." "A lasting contribution to interfaith understanding, Jesus and Muhammad offers lucid, intelligent answers to questions that underlie some of the world's most intractable conflicts."--BOOK JACKET</subfield>
  </datafield>
  <datafield tag="650" ind1=" " ind2="0">
    <subfield code="a">Christianity and other religions</subfield>
  </datafield>
  <datafield tag="650" ind1=" " ind2="0">
    <subfield code="a">Islam</subfield>
  </datafield>
  <datafield tag="942" ind1=" " ind2=" ">
    <subfield code="c">AEDBB</subfield>
  </datafield>
  <datafield tag="999" ind1=" " ind2=" ">
    <subfield code="c">19115</subfield>
    <subfield code="d">19115</subfield>
  </datafield>
  <datafield tag="952" ind1=" " ind2=" ">
    <subfield code="0">0</subfield>
    <subfield code="1">0</subfield>
    <subfield code="4">0</subfield>
    <subfield code="6">200_000000000000000_NAT_2001_C161_OR</subfield>
    <subfield code="7">0</subfield>
    <subfield code="9">83932</subfield>
    <subfield code="a">LBC</subfield>
    <subfield code="b">LBC</subfield>
    <subfield code="c">C161</subfield>
    <subfield code="d">2020-03-13</subfield>
    <subfield code="e">A39462</subfield>
    <subfield code="o">200 NAT 2001 C161 Or.</subfield>
    <subfield code="r">2020-03-13</subfield>
    <subfield code="w">2020-03-13</subfield>
    <subfield code="y">EK</subfield>
  </datafield>
</record>
